000 00703nam a2200217 a 4500
003 OSt
005 20130924172959.0
008 130924s2011 ag ||||| |||| 00| 0 spa d
020 _a978-950-00-0879-2
040 _cBiblioteca Medicina
041 _aspa
082 _bMINIST. DE SALUD 0304
110 _aMinisterio de Salud
_92598
245 0 3 _aLa Educacion en el Proyecto Nacional 2003-2011.
250 _a1ยบ ed.
260 _aBuenos Aires
_bMinisterio de Educacion de la Nacion
_c2011
300 _a88 p.
653 _aEDUCACION-ARGENTINA- 2003-2011
942 _2ddc
_cPH
999 _c1674
_d1674
952 _40
_00
_bBFM
_10
_oMINIST. DE SALUD 0304
_d2013-09-24
_tEj. 1
_8NFIC
_70
_cCR
_2ddc
_yPH
_aBFM